00227nam a22000857a 4500082001500000100003000015245003300045260005200078650001100130 a492.78 THO aThornton, Frederic Du Pre aElementary Arabic: A Grammar aGreat BritainbCambridge University Pressc1905 aArabic